000 00699nam a2200265Ia 4500
005 20260302115553.0
008 008 260114s9999 xx 000 0 eng d
020 _a9781472576965
037 _aTextbook
040 _aCRL
040 _beng
040 _cCRL
041 _2eng
041 _aeng
084 _qCRL
100 _aSheila Preston
_91122022
245 0 _aApplied Theatre: Facilitation Pedagogies, Practices, Resilience
260 _bBloomsbury
260 _bMethuen Drama
260 _c2016
650 _aLiterary Studies
856 _uhttps://doi.org/10.5040/9781472576965?locatt=label:secondary_bloomsburyCollections
942 _cEBOOK
999 _c1686687
_d1686687